| 000 | 00810nam a2200241 a 4500 | ||
|---|---|---|---|
| 008 | |||
| 049 | _aMAIN | ||
| 090 | _aHF5657.4 CHA | ||
| 100 | 1 | _aChartered Institute of Management Accountants | |
| 245 | 1 | 0 |
_aManagement accounting : _binformation strategy. _nFinal level paper 14 / _cCIMA. |
| 260 |
_aLondon : _bBPP, _c2002. |
||
| 300 |
_avi, 32 p. ; _c30 cm. |
||
| 440 | _aCIMA new syllabus practice and revision kit. | ||
| 500 | _aLecturers' Resource Pack. | ||
| 500 | _aIncludes index. | ||
| 650 |
_aChartered Institute of Management Accountants _xExams _vRevision and practice kit. |
||
| 650 | 1 | _aManagement Accounting. | |
| 907 |
_a.b10234172 _b07-05-07 _c21-02-07 |
||
| 003 | |||
| 005 | 20230123134408.0 | ||
| 040 | _cNUST | ||
| 942 |
_cBOOKS _kHF5657.4 CHA |
||
| 999 |
_c165171 _d165171 |
||